| 000 | 00525nam a22001697a 4500 | ||
|---|---|---|---|
| 999 |
_c9626 _d9626 |
||
| 008 | 210915b ||||| |||| 00| 0 eng d | ||
| 040 | _aBMS College of Architecture | ||
| 100 | _aAslam, S Ashna | ||
| 245 | _aConvictioni an interfaith museum | ||
| 300 | _aNo | ||
| 500 | _a1BM15AT016 | ||
| 502 |
_8B.Arch _NBMS College of Architecture, Visvesvaraya Technological University (VTU) _aProject report _d2019 |
||
| 650 | _aMuseum | ||
| 700 |
_aBhagya lakshmi M _eGuide |
||
| 700 |
_aNisha Mary Poulose _eGuide |
||
| 942 |
_2ddc _cTHE |
||